| 000 | 00685nam a22001697a 4500 | ||
|---|---|---|---|
| 008 | 160507b xxu||||| |||| 00| 0 eng d | ||
| 082 |
_22014 _aUT 0529 _bP19 |
||
| 100 |
_97816 _aPano, Gericka Shaine T. |
||
| 245 |
_aPerceived sociolinguistic factors and academic performance of English language learners/ _cGericka Shaine T. Pano, Susette Fe R. Bacalso, Sary Jen S. Meriones and Jibson R. Gilayo. |
||
| 260 |
_aDigos City: _bUMDC _cOctober 2014. |
||
| 300 |
_a53 pages; _c29.5 cm. |
||
| 650 | 0 |
_97811 _aEducation _vEnglish _xUndergraduate thesis. |
|
| 700 |
_97807 _aBacalso, Susette Fe R. |
||
| 700 |
_97808 _aMeriones, Sary Jen S. |
||
| 700 |
_97810 _aGilayo, Jibson R. |
||
| 942 |
_2ddc _cUT |
||
| 999 |
_c2381 _d2381 |
||